Možnosti pôsobenia učiteľa v prevencii užívania návykových látok na stredných školách

Možnosti pôsobenia učiteľa v primárnej prevencii návykových látok so zameraním na tabak a alkohol na stredných školách s ekonomickým zameraním v SR. Nedostatočné využívanie výchovno-vzdelávacieho procesu na protidrogovú prevenciu.

Guardado en:
Detalles Bibliográficos
Autor principal: Velichová, Ľudmila
Formato: Capítulo de libro
Lenguaje:eslovaco
Materias:
Etiquetas: Agregar Etiqueta
Sin Etiquetas, Sea el primero en etiquetar este registro!

MARC

LEADER 00000naa$a2200000$$$4500
001 0103014
005 20240502072123.5
041 0 |a slo 
044 |a SK 
245 1 0 |a Možnosti pôsobenia učiteľa v prevencii užívania návykových látok na stredných školách  |c Ľudmila Velichová 
520 |a Možnosti pôsobenia učiteľa v primárnej prevencii návykových látok so zameraním na tabak a alkohol na stredných školách s ekonomickým zameraním v SR. Nedostatočné využívanie výchovno-vzdelávacieho procesu na protidrogovú prevenciu. 
610 2 0 |a učitelia 
610 2 0 |a školy stredné 
610 2 0 |a prevencia 
610 2 0 |a alkoholizmus 
610 2 0 |a tabak 
100 1 |a Velichová, Ľudmila